THE CHINESE MICROWAVE COOKBOOK (Record no. 56322)

000 -LEADER
fixed length control field 00436nam a22001817a 4500
003 - CONTROL NUMBER IDENTIFIER
control field MPLRDC
005 - DATE AND TIME OF LATEST TRANSACTION
control field 20220104163145.0
008 - FIXED-LENGTH DATA ELEMENTS--GENERAL INFORMATION
fixed length control field 210129b ||||| |||| 00| 0 eng d
020 ## - INTERNATIONAL STANDARD BOOK NUMBER
International Standard Book Number 981-204-131-1
082 ## - DEWEY DECIMAL CLASSIFICATION NUMBER
Classification number 427.1 HOH
100 ## - MAIN ENTRY--PERSONAL NAME
Personal name PEARLY HOH
245 ## - TITLE STATEMENT
Title THE CHINESE MICROWAVE COOKBOOK
Statement of responsibility, etc.
250 ## - EDITION STATEMENT
Edition statement 重印
260 ## - PUBLICATION, DISTRIBUTION, ETC.
Place of publication, distribution, etc.
Name of publisher, distributor, etc. TIMES BOOKS INTERNATIONAL
Date of publication, distribution, etc. 1992
300 ## - PHYSICAL DESCRIPTION
Other physical details
650 ## - SUBJECT ADDED ENTRY--TOPICAL TERM
Topical term or geographic name entry element 食谱
942 ## - ADDED ENTRY ELEMENTS (KOHA)
Koha item type Book
-- 427.1 HOH
Holdings
Withdrawn status Lost status Source of classification or shelving scheme Damaged status Not for loan Collection code Home library Current library Shelving location Date acquired Cost, normal purchase price Total Checkouts Full call number Barcode Date last seen Date last checked out Price effective from Koha item type Public note
            Malaysian Public Library, Research and Development Centre Malaysian Public Library, Research and Development Centre   10/12/2007 39.85   427.1 HOH E0000399 18/03/2021 31/10/2017 18/03/2021 Book mplrdc

© 2022. Malaysian Public Library, Research and Development Centre. All Right ReservedE-mailmplrdc@help.edu.my 

Powered by Koha